Ethics since 1900 / (Record no. 1888)
[ view plain ]
| 000 -LEADER | |
|---|---|
| fixed length control field | 01261nam a2200349 a 4500 |
| 001 - CONTROL NUMBER | |
| JCCL Control Number | 1888 |
| 003 - CONTROL NUMBER IDENTIFIER | |
| JCCL marc code | BD-JhCC |
| 005 - DATE AND TIME OF LATEST TRANSACTION | |
| control field | 20171025212721.0 |
| 008 - FIXED-LENGTH DATA ELEMENTS--GENERAL INFORMATION | |
| fixed length control field | 070530r20071960vau b 000 0 eng d |
| 020 ## - INTERNATIONAL STANDARD BOOK NUMBER | |
| International Standard Book Number | 9780975366226 (pbk.) |
| 020 ## - INTERNATIONAL STANDARD BOOK NUMBER | |
| International Standard Book Number | 097536622X (pbk.) |
| 020 ## - INTERNATIONAL STANDARD BOOK NUMBER | |
| International Standard Book Number | 9780192891082 (hardback) |
| 020 ## - INTERNATIONAL STANDARD BOOK NUMBER | |
| International Standard Book Number | 0192891081 (hardback) |
| 035 ## - SYSTEM CONTROL NUMBER | |
| system control number | (BD-JhCC) 1888 |
| 035 ## - SYSTEM CONTROL NUMBER | |
| system control number | (OCoLC)137325209 |
| 040 ## - CATALOGING SOURCE | |
| Original cataloging agency | DLC |
| Transcribing agency | DLC |
| Modifying agency | DLC |
| -- | BD-JhCC |
| 041 ## - LANGUAGE CODE | |
| Language code of Book | eng |
| 050 00 - LIBRARY OF CONGRESS CALL NUMBER | |
| Classification number | BJ319 |
| Item number | .W3 2007 |
| 082 00 - DEWEY DECIMAL CLASSIFICATION NUMBER | |
| Classification number | 170.904 |
| DDC Edition number | 22 |
| Author mark and Year | WAR 2007 |
| 100 1# - MAIN ENTRY--PERSONAL NAME | |
| Personal name | Warnock, Mary. |
| 245 10 - TITLE STATEMENT | |
| Title | Ethics since 1900 / |
| Statement of responsibility, etc | Mary Warnock. |
| 246 3# - VARYING FORM OF TITLE | |
| Title proper/short title | Ethics since one thousand nine hundred |
| 260 ## - PUBLICATION, DISTRIBUTION, ETC. (IMPRINT) | |
| Place of publication, distribution, etc | Mount Jackson, VA : |
| Name of publisher, distributor, etc | Axios Press : |
| -- | Distributed by National Book Network, |
| Date of publication, distribution, etc | c2007. |
| 300 ## - PHYSICAL DESCRIPTION | |
| Pagination | viii, 229 p. ; |
| Dimensions | 21 cm. |
| 500 ## - GENERAL NOTE | |
| General note | Originally published: London ; New York : Oxford University Press, 1960. |
| 500 ## - GENERAL NOTE | |
| General note | Includes Index |
| 504 ## - BIBLIOGRAPHY, ETC. NOTE | |
| Bibliography, etc | Includes bibliographical references (p. 223-229). |
| 505 0# - FORMATTED CONTENTS NOTE | |
| Formatted contents note | Metaphysical ethics : F.H. Bradley -- G.E. Moore -- Intuitionism -- The emotive theory -- After the emotivists -- Moral psychology -- Existentialism : J.P. Sartre -- Conclusion. |
| 650 #0 - SUBJECT ADDED ENTRY--TOPICAL TERM | |
| Topical term or geographic name as entry element | Ethics, Modern |
| Chronological subdivision | 20th century. |
| 942 ## - ADDED ENTRY ELEMENTS (KOHA) | |
| Source of classification or shelving scheme | Dewey Decimal Classification |
| Koha item type | Books |
| Source of classification or shelving scheme | Damaged status | Not for loan | Home library | Current library | Shelving location | Date of accession | Source of acquisition | Cost, normal purchase price | Total Checkouts | Full call number | Barcode | Date last seen | Copy number | Koha item type |
|---|---|---|---|---|---|---|---|---|---|---|---|---|---|---|
| Dewey Decimal Classification | JCC Rouf Library | JCC Rouf Library | General Stacks | 10/25/2017 | The Asia Foundation | 12.00 | 170.904 WAR 2007 | 3158 | 10/25/2017 | C-1 | Books |